Pisagua: la semilla en la arena
Guardat en:
| Autor principal: | |
|---|---|
| Format: | Llibre |
| Idioma: | espanyol |
| Publicat: |
Santiago
Lom
2002
|
| Edició: | 3a. ed |
| Col·lecció: | Colección Clásicos de la Novela Social Chilena
|
| Matèries: | |
| Etiquetes: |
Afegir etiqueta
Sense etiquetes, Sigues el primer a etiquetar aquest registre!
|
MARC
| LEADER | 00000nam a2200000 a 4500 | ||
|---|---|---|---|
| 001 | UCM5684 | ||
| 003 | CL-VaPUC | ||
| 008 | 021018e20020700CL |||||||||||||||||spa|d | ||
| 082 | 0 | 4 | |a Ch863 |b TEI |2 21 |
| 100 | 0 | |a Teitelboim, Volodia |e author |9 406422 | |
| 245 | 1 | 0 | |a Pisagua: la semilla en la arena |
| 250 | |a 3a. ed | ||
| 300 | |a 379 p | ||
| 942 | |c BK | ||
| 945 | |d 20021018 00:00:00 |a vberengu | ||
| 260 | |a Santiago |b Lom |c 2002 | ||
| 650 | 0 | |a Novelas chilenas |9 265425 | |
| 650 | 0 | |a Literatura chilena |9 308278 | |
| 583 | |a last modification |c 20021018 00:00:00 |k Rodrigo Vera | ||
| 490 | 0 | |a Colección Clásicos de la Novela Social Chilena | |
| 999 | |c 301544 |d 301542 | ||
| 952 | |0 0 |1 0 |4 0 |6 CH_863_000000000000000_TEI_2002 |7 0 |8 A |9 360629 |a BIBEDU |b BIBEDU |d 2019-11-21 |i 3847780 |o Ch863 TEI 2002 |p 3847780 |r 2019-11-21 |w 2019-11-21 |y BK |k LIT | ||